|
|
|
|
| LEADER |
00647cam a2200181 7i4500 |
| 001 |
0000050657 |
| 005 |
20161220090000.0 |
| 020 |
|
|
|a 9780812982138 (pbk.)
|
| 090 |
0 |
0 |
|a HG179
|b .O76 2012
|
| 100 |
1 |
|
|a Orman, Suze
|
| 245 |
1 |
4 |
|a The money class :
|b how to stand in your truth and create the future you deserve
|c Suze Orman.
|
| 250 |
|
|
|a Spiegel & Grau trade pbk. ed.
|
| 260 |
|
|
|a New York:
|b Spiegel & Grau,
|c 2012.
|
| 300 |
|
|
|a xxiii, 283 p.;
|c 21 cm.
|
| 500 |
|
|
|a Gift: Permodalan Nasional Berhad (PNB)
|
| 650 |
0 |
0 |
|a Wealth --
|z United States
|
| 650 |
0 |
0 |
|a Finance, Personal --
|z United States
|
| 999 |
|
|
|a 0000060449
|b BOK
|c OPEN SHELF
|e 1st Floor, Shah Alam
|